Giáo dục công dân 9

Sách giúp giáo viên giáo dục cho học sinh các chuẩn mực đạo đức và pháp luật của người công dân, phù hợp với lứa tuổi. Trên cơ sở đó góp phần hình thành những phẩm chất nhân cách của con người Việt nam trong giai đoạn hiện nay, phù hợp...

Popoln opis

Shranjeno v:
Bibliografske podrobnosti
Glavni avtor: Hà, Nhật Thăng
Format: Knjiga
Jezik:Undetermined
Izdano: Hà Nội Giáo dục Việt Nam 2010
Teme:
Oznake: Označite
Brez oznak, prvi označite!
Thư viện lưu trữ: Trung tâm Học liệu Trường Đại học Cần Thơ
LEADER 01037nam a2200217Ia 4500
001 CTU_159528
008 210402s9999 xx 000 0 und d
020 |c 5000 
082 |a 370.1150712 
082 |b Th116/L.9 
100 |a Hà, Nhật Thăng 
245 0 |a Giáo dục công dân 9 
245 0 |c Hà Nhật Thăng (Tổng chủ biên) 
260 |a Hà Nội 
260 |b Giáo dục Việt Nam 
260 |c 2010 
520 |a Sách giúp giáo viên giáo dục cho học sinh các chuẩn mực đạo đức và pháp luật của người công dân, phù hợp với lứa tuổi. Trên cơ sở đó góp phần hình thành những phẩm chất nhân cách của con người Việt nam trong giai đoạn hiện nay, phù hợp với xu thế phát triển của xã hội. 
650 |a Civics 
650 |x Study and teaching (Secondary) 
904 |i Bạch Trúc 
980 |a Trung tâm Học liệu Trường Đại học Cần Thơ